<?xml version="1.0" encoding="UTF-8"?>
<record
    xmlns:xsi="http://www.w3.org/2001/XMLSchema-instance"
    xsi:schemaLocation="http://www.loc.gov/MARC21/slim http://www.loc.gov/standards/marcxml/schema/MARC21slim.xsd"
    xmlns="http://www.loc.gov/MARC21/slim">

  <leader>00747nab a2200205uuc4500</leader>
  <controlfield tag="001">1379454</controlfield>
  <controlfield tag="005">20240202115343.0</controlfield>
  <controlfield tag="008">140723e20140705                    spa  </controlfield>
  <datafield tag="035" ind1=" " ind2=" ">
    <subfield code="a">1379454</subfield>
  </datafield>
  <datafield tag="040" ind1=" " ind2=" ">
    <subfield code="c">comduadb</subfield>
  </datafield>
  <datafield tag="041" ind1=" " ind2=" ">
    <subfield code="a">spa</subfield>
  </datafield>
  <datafield tag="100" ind1="1" ind2="0">
    <subfield code="a">Gallego, Ferran</subfield>
    <subfield code="4">aut</subfield>
    <subfield code="e">aut</subfield>
    <subfield code="9">283555</subfield>
  </datafield>
  <datafield tag="245" ind1="1" ind2="0">
    <subfield code="a">Driote/Gauche. Ils ont tout cass&#xE9;. El frente nacional y la cultura pol&#xED;tica del nacional-populismo franc&#xE9;s</subfield>
  </datafield>
  <datafield tag="650" ind1=" " ind2=" ">
    <subfield code="a">Francia - Aspectos politicos</subfield>
    <subfield code="9">111459</subfield>
  </datafield>
  <datafield tag="650" ind1=" " ind2=" ">
    <subfield code="a">Francia - Condiciones sociales</subfield>
    <subfield code="9">45597</subfield>
  </datafield>
  <datafield tag="650" ind1=" " ind2=" ">
    <subfield code="a">Francia - Gobierno</subfield>
    <subfield code="9">1466</subfield>
  </datafield>
  <datafield tag="650" ind1=" " ind2=" ">
    <subfield code="a">Partidos pol&#xED;ticos - Francia</subfield>
    <subfield code="9">151312</subfield>
  </datafield>
  <datafield tag="773" ind1="0" ind2=" ">
    <subfield code="t">El Viejo Topo (Barcelona)</subfield>
    <subfield code="g">N&#xFA;mero 318-319, Julio-Agosto 2014, p. 29-36</subfield>
    <subfield code="w">7516</subfield>
    <subfield code="x">0210-2706</subfield>
    <subfield code="0">2936</subfield>
  </datafield>
  <datafield tag="942" ind1=" " ind2=" ">
    <subfield code="c">ARIMP</subfield>
  </datafield>
  <datafield tag="999" ind1=" " ind2=" ">
    <subfield code="c">687581</subfield>
    <subfield code="d">687581</subfield>
  </datafield>
</record>
